[Event "4NCL 2021-22"]
[Site "England"]
[Date "2022.05.01"]
[Round "8.9"]
[White "Kanyamarala, Tarun"]
[Black "Shirov, Alexei"]
[Result "0-1"]
[WhiteElo "2321"]
[BlackElo "2691"]
[Annotator "TA"]
[PlyCount "86"]
[EventDate "2021.11.27"]
[EventType "team-tourn"]
[EventCountry "ENG"]
[SourceTitle "playchess.com"]
[Source "ChessBase"]
[SourceQuality "1"]
[TimeControl "40/6000+30:3000+30"]

{[%evp 9,86,-12,15,6,15,10,0,8,0,-27,-29,-26,-23,-23,-25,-26,-14,-35,-34,-25,-28,-25,-28,-79,-15,-52,-58,-58,-65,-54,-56,-66,-59,-74,-58,-62,-48,-81,-79,-76,-50,-58,-58,-58,-61,-52,-50,-51,-49,-56,-49,-49,-49,-95,-58,-136,-145,-158,-158,-155,-154,-154,-151,-145,-139,-164,-169,-312,-312,-470,-466,-501,-501,-474,-470,-29981,-29982,-29981,-29982]} 1. d4 {[%emt 0:00:04]} d5 {[%emt 0:17:11]} 2. Nf3 {[%emt 0:00:13]} Nf6 {[%emt 0:00:12]} 3. Bf4 {[%emt 0:00:08]} c5 {[%emt 0:00:21]} 4. e3 {[%emt 0:00:06]} Nc6 {[%emt 0:00:26]} 5. Nbd2 {[%emt 0:00:08]} cxd4 {[%emt 0:08:30]} 6. exd4 {[%emt 0:00:22] D02: 1 d4 d5 2 Nf3 sidelines, including 2...Nf6 3 g3 and 2...Nf6 3 Bf4.} Bf5 {[%emt 0:00:06]} 7. Bb5 {[%emt 0:00:53]} Qb6 {[%emt 0:12:20]} 8. c4 {[%emt 0:11:08] The position is equal.} dxc4 {[%emt 0:01:10]} 9. Qa4 {[%emt 0:10:26]} a6 {[%emt 0:01:21]} 10. Bxc6+ {[%emt 0:00:16] [#]} (10. Bxc4 Qxb2 11. O-O b5 $17) 10... bxc6 $146 {[%emt 0:09:29]} ({Predecessor:} 10... Qxc6 11. Qxc6+ bxc6 12. Nxc4 Nd5 13. Bg3 f6 14. O-O g5 15. Rfe1 Kf7 16. Na5 h5 {0-1 (33) Skoberne,J (2544)-Nisipeanu,L (2673) Austria 2018}) 11. Nxc4 {[%emt 0:25:39]} Qb5 {[%emt 0:00:14]} 12. Qb3 {[%emt 0:00:29]} Nd5 {[%emt 0:00:20]} 13. Bg3 {[%emt 0:04:24]} g6 {[%emt 0:03:38]} 14. O-O {[%emt 0:07:02]} Bh6 {[%emt 0:00:39]} 15. Rfe1 {[%emt 0:06:36] Hoping for Nd6+.} O-O {[%emt 0:00:38]} 16. Nfd2 {[%emt 0:06:28]} (16. Ne3 $11) 16... a5 {[%emt 0:11:41]} (16... Rfd8 $17) 17. Ne3 {[%emt 0:21:26] Pair of Knights!} Be6 {[%emt 0:03:35]} 18. Nxd5 {[%emt 0:01:15]} Bxd5 {[%emt 0:00:30]} 19. Qc3 {[%emt 0:00:46]} Ra7 {[%emt 0:04:14][%cal Ba8a7,Ba7b7,Bb7b3][%mdl 32]} 20. Nf1 {[%emt 0:07:37]} Rb7 {[%emt 0:00:06] Black is more active.} 21. Ne3 {[%emt 0:01:01]} Be6 {[%emt 0:02:38]} 22. b3 {[%emt 0:00:43]} a4 {[%emt 0:01:52]} 23. Rec1 {[%emt 0:02:59]} axb3 {[%emt 0:08:58]} (23... Rc8 {is interesting.} 24. bxa4 Qxa4 25. Rd1 Rd8) 24. axb3 {[%emt 0:00:02]} Qxb3 {[%emt 0:00:08]} ({Of course not} 24... Bxb3 25. Rcb1 $14) (24... Rc8 {feels hotter.} 25. Ra3 Qb6 26. Rb1 Qb4) 25. Qxb3 {[%emt 0:01:41]} Rxb3 {[%emt 0:00:05]} (25... Bxb3 {looks sharper.} 26. Rab1 Ra8 27. Rxc6 f6) 26. Rxc6 {[%emt 0:00:21]} Bxe3 {[%emt 0:00:08]} 27. fxe3 {[%emt 0:00:07]} Rxe3 {[%emt 0:00:03]} 28. Rc7 {[%emt 0:01:17]} Bd5 {[%emt 0:05:25]} 29. Re1 {[%emt 0:00:02] Against Re2} Rxe1+ {[%emt 0:00:07]} 30. Bxe1 $15 {[%emt 0:00:02][%mdl 4096] Endgame KRB-KRB} e6 {[%emt 0:00:06]} 31. Bg3 {[%emt 0:01:35]} (31. Bd2 $15 {is more appropriate.}) 31... f6 {[%emt 0:03:14]} 32. Ra7 {[%emt 0:00:02]} ({White should try} 32. Bd6 $15 Rb8 33. Rg7+ Kxg7 34. Bxb8) 32... Rc8 $17 {[%emt 0:00:32]} 33. Bc7 {[%emt 0:00:09] [#]} g5 $1 {[%emt 0:00:06]} 34. g3 {[%emt 0:01:12]} Kf7 {[%emt 0:00:35]} 35. Kf2 {[%emt 0:00:18]} Kg6 {[%emt 0:00:07]} 36. Ke3 {[%emt 0:00:37]} h5 {[%emt 0:01:06]} 37. Kd3 {[%emt 0:00:42]} Kf5 {[%emt 0:00:08]} 38. Ke3 {[%emt 0:00:12] [#]} (38. Bd6 $142) 38... Kg4 $1 $19 {[%emt 0:01:26]} 39. Kf2 {[%emt 0:00:11]} (39. Ke2 $142) 39... Kh3 {[%emt 0:02:13]} 40. Kg1 {[%emt 0:00:19]} f5 {[%emt 0:00:59][%cal Bf6f5,Bf5g4][%mdl 32]} 41. Kf2 {[%emt 0:10:45]} Kxh2 {[%emt 0:01:37][%cal Of5f4] Threatens to win with ...f4!} 42. g4+ {[%emt 0:00:29] [#]} (42. Bd6 $19 Rc2+ 43. Ke1) 42... Rxc7 $1 {[%emt 0:01:05]} 43. Rxc7 {[%emt 0:00:06]} fxg4 {[%emt 0:00:03] Weighted Error Value: White=0.43/Black=0.07 (flawless)} 0-1

[Event "4NCL 2021-22"]
[Site "England"]
[Date "2022.05.01"]
[Round "8.10"]
[White "Parligras, Mircea-Emilian"]
[Black "Sarakauskas, Gediminas"]
[Result "1-0"]
[WhiteElo "2575"]
[BlackElo "2423"]
[Annotator "TA"]
[PlyCount "107"]
[EventDate "2021.11.27"]
[EventType "team-tourn"]
[EventCountry "ENG"]
[SourceTitle "playchess.com"]
[Source "ChessBase"]
[SourceQuality "1"]

1. d4 d5 2. c4 dxc4 3. e3 Nf6 4. Bxc4 e6 5. Nf3 c5 6. O-O a6 7. Nbd2 Nc6 8. dxc5 Bxc5 9. a3 b5 10. Be2 Bb7 11. b4 Be7 12. Bb2 O-O 13. Rc1 a5 14. Bxb5 Na7 15. Bxf6 gxf6 16. Be2 axb4 17. axb4 Bxb4 18. Rc4 Bxd2 19. Nxd2 f5 20. Rd4 Qf6 21. Bf3 Bxf3 22. Qxf3 Nb5 23. Rf4 Nc3 24. Ne4 Nxe4 25. Rxe4 Ra1 26. Rd4 Rxf1+ 27. Kxf1 Rd8 28. Qg3+ Kf8 29. Qf4 Rxd4 30. exd4 Qd8 31. Qe5 Kg8 32. h3 Qa8 33. Kg1 Qa1+ 34. Kh2 Qc1 35. h4 Qd1 36. f3 Qd2 37. Kg3 h6 38. Qf4 Qe1+ 39. Kh2 Kh7 40. h5 Qf2 41. d5 exd5 42. Qxf5+ Kg8 43. Qg4+ Kf8 44. Qf4 Ke7 45. Qe5+ Kf8 46. Kh3 d4 47. Qh8+ Ke7 48. Qxh6 d3 49. Qg5+ Ke6 50. Qg4+ Kd6 51. Qf4+ Kc5 52. Qf5+ Kd4 53. h6 Qf1 54. Qf4+ 1-0

[Event "4NCL 2021-22"]
[Site "England"]
[Date "2022.05.01"]
[Round "8.16"]
[White "Terbe, Julianna"]
[Black "Venkatesan, Kavin"]
[Result "1/2-1/2"]
[WhiteElo "2285"]
[BlackElo "2074"]
[Annotator "TA"]
[PlyCount "116"]
[EventDate "2021.11.27"]
[EventType "team-tourn"]
[EventCountry "ENG"]
[SourceTitle "playchess.com"]
[Source "ChessBase"]
[SourceQuality "1"]

1. e4 c5 2. Nf3 d6 3. d4 cxd4 4. Nxd4 Nf6 5. f3 e5 6. Bb5+ Bd7 7. Bxd7+ Qxd7 8. Nf5 d5 9. Bg5 dxe4 10. Bxf6 Qxd1+ 11. Kxd1 gxf6 12. fxe4 Nd7 13. Ke2 O-O-O 14. Nc3 Nb6 15. Rad1 Bc5 16. Nb5 Kb8 17. Nh6 Rhf8 18. b3 a6 19. Nc3 Bd4 20. Nb1 Rc8 21. Rd2 Rc7 22. Rf1 Rfc8 23. c4 Nd7 24. Nf5 b5 25. cxb5 axb5 26. Nxd4 exd4 27. Na3 d3+ 28. Rxd3 Ra7 29. Nxb5 Rxa2+ 30. Ke3 Ne5 31. Rd2 Ng4+ 32. Ke2 Rcc2 33. Rxc2 Rxc2+ 34. Kd3 Rxg2 35. Kd4 Rb2 36. Rf4 h5 37. h3 Rxb3 38. Nc3 Rb4+ 39. Kd5 Ne3+ 40. Kd6 f5 41. Rf3 Rd4+ 42. Nd5 Nc4+ 43. Kc5 Rxe4 44. Rxf5 Ne3 45. Rxh5 Nxd5 46. Kxd5 Re3 47. h4 Kc7 48. Rf5 Kd7 49. Rxf7+ Ke8 50. Rf5 Re7 51. h5 Rf7 52. Rg5 Kf8 53. h6 Rh7 54. Rg6 Kf7 55. Ra6 Kg8 56. Ra8+ Kf7 57. Ra7+ Kg8 58. Rxh7 Kxh7 1/2-1/2

[Event "4NCL 2021-22"]
[Site "England"]
[Date "2022.05.01"]
[Round "8.42"]
[White "Roberson, Peter T"]
[Black "Olson, Hamish"]
[Result "1/2-1/2"]
[WhiteElo "2425"]
[BlackElo "2296"]
[Annotator "TA"]
[PlyCount "82"]
[EventDate "2021.11.27"]
[EventType "team-tourn"]
[EventCountry "ENG"]
[SourceTitle "playchess.com"]
[Source "ChessBase"]
[SourceQuality "1"]

1. e4 e5 2. Nf3 Nc6 3. Bc4 Bc5 4. c3 Nf6 5. d4 exd4 6. e5 d5 7. Bb5 Ne4 8. cxd4 Bb6 9. Nc3 O-O 10. Be3 Bg4 11. h3 Bh5 12. Qc2 Nxc3 13. bxc3 f6 14. exf6 Qxf6 15. Be2 Bg6 16. Qd1 Qd6 17. O-O Kh8 18. a4 Bh5 19. Re1 Bxf3 20. Bxf3 Na5 21. Ra2 c6 22. g3 Qf6 23. Bf4 Rae8 24. Rae2 Rxe2 25. Qxe2 Bd8 26. Bh5 Nc4 27. Qg4 Kg8 28. Re6 Qf5 29. Qe2 Ba5 30. Bg4 Qb1+ 31. Kg2 Qb2 32. Qxb2 Nxb2 33. Re7 Nc4 34. Rxb7 Bxc3 35. Be3 Nxe3+ 36. fxe3 Bd2 37. Re7 Rf6 38. Re6 Rxe6 39. Bxe6+ Kf8 40. Kf3 Ke7 41. Bf5 h6 1/2-1/2

[Event "4NCL 2021-22"]
[Site "England"]
[Date "2022.05.01"]
[Round "8.43"]
[White "McKay, Roderick M"]
[Black "Rendle, Thomas E"]
[Result "0-1"]
[WhiteElo "2208"]
[BlackElo "2365"]
[Annotator "TA"]
[PlyCount "33"]
[EventDate "2021.11.27"]
[EventType "team-tourn"]
[EventCountry "ENG"]
[SourceTitle "playchess.com"]
[Source "ChessBase"]
[SourceQuality "1"]

1. d4 d5 2. c4 c6 3. Nf3 Nf6 4. Nc3 e6 5. Bg5 Nbd7 6. cxd5 exd5 7. Qc2 Be7 8. e3 h6 9. Bf4 Nh5 10. Nxd5 cxd5 11. Bc7 Bb4+ 12. Nd2 Qe7 13. Be2 Nhf6 14. O-O O-O 15. Nf3 Re8 16. Bb5 a6 17. Ba4 0-1

[Event "4NCL 2021-22"]
[Site "England"]
[Date "2022.05.01"]
[Round "8.48"]
[White "Lentzos, Ioanis"]
[Black "Vijayakumar, Rishi"]
[Result "1-0"]
[WhiteElo "2138"]
[BlackElo "1800"]
[Annotator "TA"]
[PlyCount "49"]
[EventDate "2021.11.27"]
[EventType "team-tourn"]
[EventCountry "ENG"]
[SourceTitle "playchess.com"]
[Source "ChessBase"]
[SourceQuality "1"]

1. c4 e5 2. Nc3 Nf6 3. Nf3 Nc6 4. e3 Bb4 5. Qc2 Bxc3 6. bxc3 e4 7. Ng5 Qe7 8. f3 exf3 9. Nxf3 Ne4 10. d3 Nc5 11. Be2 h6 12. O-O O-O 13. Nd4 Nxd4 14. cxd4 Ne6 15. Bb2 Qg5 16. Rf3 d5 17. Rg3 Qd8 18. cxd5 Qxd5 19. e4 Qd6 20. d5 Ng5 21. Qc3 f6 22. Ba3 c5 23. dxc6 Qc7 24. Bxf8 Kxf8 25. Rc1 1-0

[Event "4NCL 2021-22"]
[Site "England"]
[Date "2022.05.01"]
[Round "8.50"]
[White "Ansell, Simon T"]
[Black "Harakis, Alexis M"]
[Result "1/2-1/2"]
[WhiteElo "2432"]
[BlackElo "2264"]
[Annotator "TA"]
[PlyCount "45"]
[EventDate "2021.11.27"]
[EventType "team-tourn"]
[EventCountry "ENG"]
[SourceTitle "playchess.com"]
[Source "ChessBase"]
[SourceQuality "1"]

1. e4 e6 2. d4 d5 3. e5 c5 4. c3 Nc6 5. Nf3 Bd7 6. Be2 Nge7 7. Na3 cxd4 8. cxd4 Nf5 9. Nc2 Qb6 10. O-O Be7 11. g4 Nh4 12. Nxh4 Bxh4 13. b3 Be7 14. Be3 Nb4 15. Nxb4 Bxb4 16. Rc1 O-O 17. a4 Rac8 18. Qd3 Ba3 19. Rb1 Rc7 20. Bd2 a5 21. f4 f6 22. exf6 Rxf6 23. Rbe1 1/2-1/2

[Event "4NCL 2021-22"]
[Site "England"]
[Date "2022.05.01"]
[Round "8.53"]
[White "Bansal, Rohan"]
[Black "Duncan, Chris R"]
[Result "1/2-1/2"]
[WhiteElo "1971"]
[BlackElo "2252"]
[Annotator "TA"]
[PlyCount "46"]
[EventDate "2021.11.27"]
[EventType "team-tourn"]
[EventCountry "ENG"]
[SourceTitle "playchess.com"]
[Source "ChessBase"]
[SourceQuality "1"]

1. d4 d5 2. c4 c6 3. cxd5 cxd5 4. Bf4 Nc6 5. e3 Nf6 6. Nc3 Bf5 7. Qb3 Na5 8. Qa4+ Bd7 9. Qc2 e6 10. Bd3 Be7 11. Nf3 Rc8 12. O-O O-O 13. Ne5 Nc6 14. Qe2 a6 15. Rac1 Be8 16. Nxc6 Bxc6 17. Rc2 Bd6 18. Bxd6 Qxd6 19. Qf3 Rfd8 20. Rfc1 Bd7 21. Qg3 Qxg3 22. hxg3 Kf8 23. f3 Be8 1/2-1/2

[Event "4NCL 2021-22"]
[Site "England"]
[Date "2022.05.01"]
[Round "8.75"]
[White "Oswald, Graeme"]
[Black "Golding, James"]
[Result "0-1"]
[WhiteElo "2198"]
[BlackElo "2075"]
[Annotator "TA"]
[PlyCount "66"]
[EventDate "2021.11.27"]
[EventType "team-tourn"]
[EventCountry "ENG"]
[SourceTitle "playchess.com"]
[Source "ChessBase"]
[SourceQuality "1"]

1. e4 Nc6 2. d4 e5 3. d5 Nce7 4. Nf3 Ng6 5. h4 h5 6. a3 Nf6 7. Bg5 a5 8. c4 Bc5 9. Nc3 d6 10. Qd2 Bd7 11. Be2 Qb8 12. O-O Ng4 13. Nh2 f6 14. Nxg4 hxg4 15. g3 fxg5 16. Qxg5 Rh6 17. h5 Nf8 18. Kg2 Qd8 19. Qxg7 Qf6 20. Qxf6 Rxf6 21. Nd1 Nh7 22. Rh1 Ke7 23. Rh4 Rg8 24. Rb1 Rh6 25. b4 axb4 26. axb4 Bd4 27. f3 Ng5 28. Rb3 gxf3+ 29. Bxf3 Nxf3 30. Rxf3 Bg4 31. Rd3 Rxh5 32. Rxh5 Bxh5 33. Ne3 Bg6 0-1

[Event "4NCL 2021-22"]
[Site "England"]
[Date "2022.05.02"]
[Round "9.5"]
[White "Cyborowski, Lukasz"]
[Black "Palliser, Richard J D"]
[Result "1/2-1/2"]
[WhiteElo "2494"]
[BlackElo "2413"]
[Annotator "TA"]
[PlyCount "71"]
[EventDate "2021.11.27"]
[EventType "team-tourn"]
[EventCountry "ENG"]
[SourceTitle "playchess.com"]
[Source "ChessBase"]
[SourceQuality "1"]

1. c4 g6 2. Nc3 Bg7 3. Nf3 d6 4. g3 c5 5. d4 cxd4 6. Nxd4 Nc6 7. Nxc6 bxc6 8. Bg2 Bd7 9. O-O Rb8 10. Qc2 h5 11. h3 Qc8 12. Kh2 Qc7 13. Bf4 Qa5 14. Bd2 Nf6 15. Nd5 Qd8 16. Nxf6+ Bxf6 17. Bc3 Bxc3 18. Qxc3 O-O 19. b4 a5 20. a3 axb4 21. axb4 Qb6 22. Rab1 Bf5 23. Rb2 Rfd8 24. Rd1 d5 25. cxd5 cxd5 26. e3 Rdc8 27. Qe5 e6 28. Rd4 Qd8 29. e4 f6 30. Qf4 e5 31. Qh6 exd4 32. exf5 g5 33. Qg6+ Kf8 34. Qh6+ Kg8 35. Qg6+ Kf8 36. Re2 1/2-1/2

[Event "4NCL 2021-22"]
[Site "England"]
[Date "2022.05.02"]
[Round "9.14"]
[White "Czopor, Maciej"]
[Black "McClement, Andrew"]
[Result "0-1"]
[WhiteElo "2416"]
[BlackElo "2221"]
[Annotator "TA"]
[PlyCount "76"]
[EventDate "2021.11.27"]
[EventType "team-tourn"]
[EventCountry "ENG"]
[SourceTitle "playchess.com"]
[Source "ChessBase"]
[SourceQuality "1"]

1. e4 c5 2. Nf3 d6 3. d4 cxd4 4. Nxd4 Nf6 5. Nc3 e6 6. g4 h6 7. Rg1 Be7 8. h4 d5 9. g5 hxg5 10. hxg5 Nxe4 11. Nxe4 dxe4 12. Be3 a6 13. Qe2 e5 14. O-O-O exd4 15. Bxd4 Bxg5+ 16. f4 Bxf4+ 17. Kb1 Qe7 18. Bxg7 Rh2 19. Bh6 Bxh6 20. Qxh2 Bf8 21. Bc4 Nc6 22. Rg8 Bd7 23. Qf4 f5 24. Bd5 O-O-O 25. Bxc6 bxc6 26. Rg6 Qc5 27. a3 Be7 28. Rg3 Be6 29. Rxd8+ Bxd8 30. Qh6 Qd5 31. Kc1 Bc7 32. Rg6 Bd7 33. Qe3 Kb7 34. Rg5 Be5 35. Rg2 f4 36. Qe1 e3 37. Rg1 f3 38. Qb4+ Qb5 0-1

[Event "4NCL 2021-22"]
[Site "England"]
[Date "2022.05.02"]
[Round "9.46"]
[White "Freeman, Gordon"]
[Black "Ledger, Stephen C"]
[Result "1-0"]
[WhiteElo "2092"]
[BlackElo "2171"]
[Annotator "TA"]
[PlyCount "59"]
[EventDate "2021.11.27"]
[EventType "team-tourn"]
[EventCountry "ENG"]
[SourceTitle "playchess.com"]
[Source "ChessBase"]
[SourceQuality "1"]

1. Nf3 d5 2. d4 Nf6 3. c4 e6 4. g3 c6 5. Bg2 dxc4 6. O-O Nbd7 7. a4 Bb4 8. Qc2 O-O 9. Qxc4 a5 10. Nc3 Qe7 11. Bf4 Nb6 12. Qb3 Nbd5 13. Rac1 Bd7 14. Ne5 Rfd8 15. Ne4 Nxe4 16. Bxe4 Nxf4 17. gxf4 Be8 18. e3 f6 19. Nd3 Bf7 20. Qc2 Bg6 21. Bxg6 hxg6 22. Kh1 Qd7 23. Rg1 Qd5+ 24. Rg2 Qh5 25. Rcg1 g5 26. fxg5 Bd6 27. gxf6 Bxh2 28. Rxh2 Qf3+ 29. Rgg2 Rd5 30. Ne5 1-0

[Event "4NCL 2021-22"]
[Site "England"]
[Date "2022.05.02"]
[Round "9.48"]
[White "Venkatesan, Kavin"]
[Black "Varney, Zoe"]
[Result "1-0"]
[WhiteElo "2074"]
[BlackElo "2041"]
[Annotator "TA"]
[PlyCount "105"]
[EventDate "2021.11.27"]
[EventType "team-tourn"]
[EventCountry "ENG"]
[SourceTitle "playchess.com"]
[Source "ChessBase"]
[SourceQuality "1"]

1. d4 Nf6 2. c4 g6 3. Nc3 Bg7 4. e4 d6 5. f4 c5 6. d5 O-O 7. Nf3 e6 8. dxe6 fxe6 9. Bd3 Nc6 10. O-O b6 11. Qe1 Ba6 12. Ng5 Qd7 13. Qg3 Rae8 14. Be3 Nb4 15. Be2 Nc2 16. e5 dxe5 17. Rad1 Qc7 18. fxe5 Nxe3 19. Qxe3 Nd7 20. Qh3 Rxf1+ 21. Rxf1 h6 22. Nxe6 Qxe5 23. Nxg7 Qxg7 24. Bg4 Nf8 25. b3 Qd4+ 26. Kh1 h5 27. Bf3 Qf2 28. Bd5+ Kg7 29. Qf3 Qxf3 30. gxf3 Re3 31. Ne4 Re2 32. Rf2 Rxf2 33. Nxf2 Bc8 34. Ne4 Bd7 35. h4 Nh7 36. Kg2 Nf6 37. Kg3 Nxe4+ 38. fxe4 Kf6 39. Kf4 Bg4 40. e5+ Ke7 41. Be4 Kf7 42. Kg5 Ke6 43. Bxg6 Kxe5 44. Bxh5 Be6 45. Bg6 a6 46. h5 b5 47. h6 Bg8 48. cxb5 axb5 49. Bb1 c4 50. bxc4 bxc4 51. Kg6 c3 52. Kg7 Bxa2 53. Bc2 1-0

[Event "4NCL 2021-22"]
[Site "England"]
[Date "2022.05.02"]
[Round "9.62"]
[White "Willmoth, Robert F"]
[Black "Stimpson, Philip M"]
[Result "1-0"]
[WhiteElo "2121"]
[BlackElo "1956"]
[Annotator "TA"]
[PlyCount "115"]
[EventDate "2021.11.27"]
[EventType "team-tourn"]
[EventCountry "ENG"]
[SourceTitle "playchess.com"]
[Source "ChessBase"]
[SourceQuality "1"]

1. d4 d5 2. Nf3 Nf6 3. b3 c6 4. Bb2 Bf5 5. Nbd2 h6 6. g3 e6 7. Bg2 Nbd7 8. O-O Be7 9. Ne5 Nxe5 10. dxe5 Nd7 11. e4 dxe4 12. Nxe4 Bxe4 13. Bxe4 Nc5 14. Bg2 Qxd1 15. Raxd1 Rd8 16. f4 O-O 17. Ba3 Rfe8 18. Bf3 g6 19. Kg2 Kf8 20. Bb2 Na6 21. a3 Rxd1 22. Rxd1 Rd8 23. b4 Rxd1 24. Bxd1 Nc7 25. Bf3 h5 26. c4 a6 27. Kf2 Ke8 28. Ke3 Kd7 29. h3 Kc8 30. Kd3 Kd7 31. Bc3 Kc8 32. Kc2 Kd7 33. Kb3 Kc8 34. Bd4 Kd7 35. Be4 Bf8 36. Ba7 Be7 37. a4 Bf8 38. Bf2 Bh6 39. Be3 Bf8 40. Bf3 Be7 41. b5 axb5 42. cxb5 Nd5 43. bxc6+ Kxc6 44. Kc4 b6 45. g4 hxg4 46. hxg4 Bh4 47. Bd4 Bg3 48. f5 g5 49. Be4 Bf4 50. f6 Bc1 51. Bxb6 Kxb6 52. Bxd5 exd5+ 53. Kxd5 Kc7 54. e6 fxe6+ 55. Kxe6 Kd8 56. f7 Ba3 57. a5 Kc7 58. Kf6 1-0